Out of the past (Record no. 77628)
[ view plain ]
| 000 -LEADER | |
|---|---|
| fixed length control field | 00948cab a2200205 4500 |
| 001 - CONTROL NUMBER | |
| control field | ##L134718 |
| 008 - FIXED-LENGTH DATA ELEMENTS--GENERAL INFORMATION | |
| fixed length control field | 060829n2006 000 0 eng u |
| 035 ## - SYSTEM CONTROL NUMBER | |
| System control number | (Sirsi) u134718 |
| 041 0# - LANGUAGE CODE | |
| Language code of text/sound track or separate title | eng |
| 100 1# - MAIN ENTRY--PERSONAL NAME | |
| Personal name | Mylius, Andrew |
| 245 00 - TITLE STATEMENT | |
| Title | Out of the past |
| 260 ## - PUBLICATION, DISTRIBUTION, ETC. | |
| Date of publication, distribution, etc. | 2006 |
| 490 #0 - SERIES STATEMENT | |
| Series statement | New Civil Engineer |
| Volume/sequential designation | (1635) 24/31 August 2006, 20-21(2) |
| 520 ## - SUMMARY, ETC. | |
| Summary, etc. | Explains how resurrecting the abandoned Victorian Kingsland Viaduct will aid the delivery of the East London Line extension. The work will involve laying new rail along the viaduct from a new station at Dalston, linking into the existing East London Line at Shoreditch. The line will also be extended south from New Cross to Crystal Palace and a total of 21 bridges will need refurbishment or replacing. |
| 590 ## - LOCAL NOTE (RLIN) | |
| Local note | IKA050906 |
| 651 #4 - SUBJECT ADDED ENTRY--GEOGRAPHIC NAME | |
| Geographic name | LONDON |
| 690 ## - LOCAL SUBJECT ADDED ENTRY--TOPICAL TERM (OCLC, RLIN) | |
| Topical term or geographic name as entry element | PROPERTY-INFRASTRUCTURE-RAIL INFRASTRUCTURE |
| 690 ## - LOCAL SUBJECT ADDED ENTRY--TOPICAL TERM (OCLC, RLIN) | |
| Topical term or geographic name as entry element | BUILT ENVIRONMENT-ENGINEERING-CIVIL ENGINEERING |
| 942 ## - ADDED ENTRY ELEMENTS (KOHA) | |
| Suppress in OPAC | 0 |
| Withdrawn status | Lost status | Source of classification or shelving scheme | Damaged status | Not for loan | Home library | Current library | Shelving location | Date acquired | Total Checkouts | Full call number | Barcode | Date last seen | Copy number | Price effective from | Koha item type |
|---|---|---|---|---|---|---|---|---|---|---|---|---|---|---|---|
| Dewey Decimal Classification | London | London | Journal article | 29/08/2006 | L134718 | 134718-1001 | 06/08/2019 | 1 | 06/08/2019 | Journal article |